| 000 | 00397cam a2200157ua 4500 | ||
|---|---|---|---|
| 041 |
_aeng _h |
||
| 082 |
_a621.8 _bKHA/AD |
||
| 100 | _aKhan, R A . | ||
| 245 | 0 | 0 |
_aAdvances in mechanical engineering / _cR A Khan. _hTextual Documents |
| 260 |
_aNew Delhi : _bAne Books India , _c2006. |
||
| 300 | _a1190 ; . | ||
| 504 | _a | ||
| 700 | 1 | _aSuhaib, Mohd. . | |
| 942 | _cBK | ||
| 999 |
_c13205 _d13205 |
||